Sage handbook of current developments in grounded theory (Record no. 33162)

MARC details
000 -LEADER
fixed length control field 00514nam a2200169Ia 4500
008 - FIXED-LENGTH DATA ELEMENTS--GENERAL INFORMATION
fixed length control field 230917s9999||||xx |||||||||||||| ||und||
020 ## - ISBN
Price GBP120
040 ## - CATALOGING SOURCE
-- 258228
Original cataloging agency VIVEKANANDA LIBRARY
041 ## - Language
-- English
082 ## - DDC NUMBER
Classification number 001.42 B841S
100 ## - MAIN ENTRY--PERSONAL NAME
Personal name Bryant, Antony, ed.
245 #0 - TITLE STATEMENT
Title Sage handbook of current developments in grounded theory
260 ## - PUBLICATION, DISTRIBUTION, ETC. (IMPRINT)
Place of publication, distribution, etc London
Name of publisher, distributor, etc Sage Publications
Date of publication, distribution, etc 2019
300 ## - PHYSICAL DESCRIPTION
Pages xxxiii, 679 p.
500 ## - GENERAL NOTE
General note 3659 10/10/2019 RK19/1931 10/10/2019 Ch. Ranbir Singh Institute of Social and
942 ## - ADDED ENTRY ELEMENTS (KOHA)
Koha item type Books
Holdings
Withdrawn status Lost status Damaged status Not for loan Location (home branch) Sublocation or collection (holding branch) Shelving location Date acquired Koha issues (times borrowed) Koha full call number Accession No. Koha date last seen Koha item type
        VIVEKANANDA LIBRARY VIVEKANANDA LIBRARY Chaudhry Ranbir Singh Inst. of Social and Economic Change 12/11/2019   001.42 B841S 390081 17/09/2023 Books
© Designed and Maintained by Vivekananda Library, MDU Rohtak